00762 2200265 4500001002100000005001700021008004100038020001800079035002400097082001000121090001700131100002000148245012500168260004200293300002200335500002800357650001800385700001600403850001500419980001100434985000600445999001500451999001500466999001500481YOGYA-0209000001357720090227022333.0 ind  a979-655-289-2 0010-020900000013577 a133.9 a133.9bJam T aJAMES, Jennifer aTwenty Steps to wisdomb=melintasi batas keduniawian, mencapai keseimbangan jiwacJennifer James;alih bahasa, Frans Kowa aJakartabGramedia Pustaka Utamac1999 aX, 135 hlmc18 cm aBibliografi hlm 133-135 aSpiritualisme aKowa, Frans aYOPDYOG(B) a050705 a3 a01P0001541 a01P0001542 a01P0001543